000 01152 a2200217 4500
003 Nust
005 20170207153412.0
010 _a 77005243
020 _a354011596
040 _cNust
082 0 0 _a355.02
100 1 _aDupuy, Trevor N.
245 1 0 _aNumbers, predictions, and war :
_busing history to evaluate combat factors and predict the outcome of battles /
_cby T. N. Dupuy.
260 _aIndianapolis :
_bBobbs-Merrill,
_cc1979.
300 _axvii, 244 p. :
_bill. ;
_c24 cm.
505 _aNumbers and Military History (Page-3) The Effects of Weapons (Page-19) Identifying and Representing Combat Variables (page-32) Constructing a model (Page-40) Representing world War I Combat (Page-57) Representing Air Support in World War ii (Page-71) Behavioral Variables in World War ii (Page-95) Projecting Future Combat (Page-111) Reliably Representing the Arab-Israeli Wars (Page-118) The Model and Operations Research (Page-140) The Model and History (Page-151) The Model, Fun, and Games(apge-166)
538 _aAlmirah No.52, Shelf No.6
650 0 _aBattles.
650 0 _aMilitary art and science
_xMathematical models.
650 0 _aWar games.
942 _2ddc
_cBK
999 _c185410
_d185410